Meisten Unbewohnbaren Länder - Statistiken

Allgemein
  • Dieses Quiz wurde 99 mal gespielt
  • Das Durchschnittsergebnis liegt bei 15 aus 20
Antwortstatistiken
Bevölkerung Land % Korrekt
873 mil Russland
94%
557 mil Kanada
89%
96.5 mil Algerien
80%
292 mil Brasilien
80%
66.4 mil Sudan
80%
432 mil Australien
77%
49.5 mil Niger
76%
233 mil Vereinigte Staaten
76%
44.5 mil Demokratische Republik Kongo
74%
120 mil Argentinien
72%
97.8 mil Libyen
70%
143 mil Kasachstan
69%
52.5 mil Mali
69%
89.9 mil Mongolei
69%
92.2 mil Saudi-Arabien
69%
59.1 mil Tschad
69%
42.7 mil Peru
68%
56.5 mil Mauretanien
65%
53.5 mil Bolivien
53%
46.6 mil Namibia
51%
Keine übereinstimmenden Quizze gefunden
Verteilung der Resultate
Anzahl Personen mit jedem Resultat
Perzentil nach korrekt beantworteten Fragen
Ihre Resultats-Entwicklung
Sie haben dieses Quiz noch nicht gespielt